Score 0/16 Timer 04:00
3 Plays Today
Question Answer Wrong Answers
Native to North America.
 
Coast Redwood
(Sequoia sempervirens)
82.6%
Maidenhair tree
(Ginkgo biloba)
1.8%
Baobab
(Adansonia)
1.7%
Rubber tree
(Hevea brasiliensis)
1.7%
Tallest tree species in the world, with one named Hyperion measured at over 379 ft (115 m). Coast Redwood
(Sequoia sempervirens)
81.3%
Maidenhair tree
(Ginkgo biloba)
1.8%
Baobab
(Adansonia)
2.7%
Rubber tree
(Hevea brasiliensis)
1.5%
Source of latex, which became an important commodity with the invention of the vulcanization process. Rubber tree
(Hevea brasiliensis)
77%
Coast Redwood
(Sequoia sempervirens)
4.9%
Maidenhair tree
(Ginkgo biloba)
3%
Baobab
(Adansonia)
2.6%
Native to Africa.
 
Baobab
(Adansonia)
73.8%
Coast Redwood
(Sequoia sempervirens)
4.2%
Maidenhair tree
(Ginkgo biloba)
3.9%
Rubber tree
(Hevea brasiliensis)
5.1%
Nicknamed the 'upside-down' tree because its branches look like roots. Baobab
(Adansonia)
72%
Coast Redwood
(Sequoia sempervirens)
4.1%
Maidenhair tree
(Ginkgo biloba)
2.6%
Rubber tree
(Hevea brasiliensis)
8.6%
Scientific name given for a Cherokee chief who devised a means of writing his native language. Coast Redwood
(Sequoia sempervirens)
66%
Maidenhair tree
(Ginkgo biloba)
7.2%
Baobab
(Adansonia)
11.7%
Rubber tree
(Hevea brasiliensis)
2.6%
Native to South America.
 
Rubber tree
(Hevea brasiliensis)
63%
Coast Redwood
(Sequoia sempervirens)
6.4%
Maidenhair tree
(Ginkgo biloba)
10.8%
Baobab
(Adansonia)
7.6%
Native to Asia.
 
Maidenhair tree
(Ginkgo biloba)
59.1%
Coast Redwood
(Sequoia sempervirens)
3.9%
Baobab
(Adansonia)
8.6%
Rubber tree
(Hevea brasiliensis)
15.3%
Considered a sacred tree and often planted around Buddhist and Shinto temples. Maidenhair tree
(Ginkgo biloba)
58.9%
Coast Redwood
(Sequoia sempervirens)
4%
Baobab
(Adansonia)
16.9%
Rubber tree
(Hevea brasiliensis)
7.6%
Can live for 100 years in the wild, but in plantations is usually felled after 25 or 30 years when its useful yield decreases. Rubber tree
(Hevea brasiliensis)
55.7%
Coast Redwood
(Sequoia sempervirens)
17.3%
Maidenhair tree
(Ginkgo biloba)
8.7%
Baobab
(Adansonia)
5.7%
Requires cool weather, abundant water, and consistent year-round rain and fog drip. Coast Redwood
(Sequoia sempervirens)
51.3%
Maidenhair tree
(Ginkgo biloba)
13.9%
Baobab
(Adansonia)
3.4%
Rubber tree
(Hevea brasiliensis)
18.4%
The pollen from male plants produces swimming sperm in the months after landing on a future seed. Maidenhair tree
(Ginkgo biloba)
49.2%
Coast Redwood
(Sequoia sempervirens)
13.2%
Baobab
(Adansonia)
11.9%
Rubber tree
(Hevea brasiliensis)
13.3%
Mostly disappeared from its native area due to blight in the 20th C. and now cultivated mainly in southeast Asian plantations. Rubber tree
(Hevea brasiliensis)
35.7%
Coast Redwood
(Sequoia sempervirens)
5.4%
Maidenhair tree
(Ginkgo biloba)
38%
Baobab
(Adansonia)
8.7%
In the book The Little Prince, the title character had to weed this tree so it wouldn't overwhelm his small planet. Baobab
(Adansonia)
33.5%
Coast Redwood
(Sequoia sempervirens)
13.7%
Maidenhair tree
(Ginkgo biloba)
24.8%
Rubber tree
(Hevea brasiliensis)
15.6%
Its bark can be stripped from the tree to obtain fiber for rope making, and it will regenerate itself. Baobab
(Adansonia)
19.3%
Coast Redwood
(Sequoia sempervirens)
13.9%
Maidenhair tree
(Ginkgo biloba)
21%
Rubber tree
(Hevea brasiliensis)
32.9%
Known as a living fossil, having changed little over 270 million years.
 
Maidenhair tree
(Ginkgo biloba)
16%
Coast Redwood
(Sequoia sempervirens)
34.9%
Baobab
(Adansonia)
33.6%
Rubber tree
(Hevea brasiliensis)
3.6%
Remove Ads.
Support Sporcle.
Get the best of Sporcle when you Go Orange. This ad-free experience offers more features, more stats, and more fun while also helping to support Sporcle. Thank you for becoming a member.

You're not logged in!

Compare scores with friends on all Sporcle quizzes.
OR
Log In

Sporcle TV

Today on Sporcle TV


Watch our educational content, quiz creation guides, and fun videos on Sporcle TV.

Show Comments

Extras

Top Quizzes Today


Score Distribution

Paid Content

Your Account Isn't Verified!

In order to create a playlist on Sporcle, you need to verify the email address you used during registration. Go to your Sporcle Settings to finish the process.

Report this User

Report this user for behavior that violates our Community Guidelines.

Details: